[Event "Summer Prague Open A 2020"]
[Site "Prague"]
[Date "2020.08.12"]
[Round "6.8"]
[White "Post, Hugo"]
[Black "Buchenau, Frank"]
[Result "0-1"]
[WhiteElo "2203"]
[BlackElo "2278"]
[Annotator "ChessBase"]
[PlyCount "104"]
[EventDate "2020.08.08"]
[EventCountry "CZE"]
[SourceTitle "playchess.com"]
[Source "ChessBase"]
[SourceQuality "1"]
[TimeControl "40/5400+30:1800+30"]

1. e4 {[%emt 0:00:00]} e6 {[%emt 0:00:50]} 2. d4 {[%emt 0:00:00]} d5 {[%emt 0:00:19]} 3. Nd2 {[%emt 0:00:00]} Nc6 {[%emt 0:00:09]} 4. Ngf3 {[%emt 0:00:59]} Nf6 {[%emt 0:00:10]} 5. e5 {[%emt 0:01:41]} Nd7 {[%emt 0:00:10]} 6. Nb3 {[%emt 0:01:32]} a5 {[%emt 0:00:22]} 7. a4 {[%emt 0:00:18]} Be7 {[%emt 0:00:14]} 8. c3 {[%emt 0:00:26]} b6 {[%emt 0:00:12]} 9. h4 {[%emt 0:00:41]} Ba6 {[%emt 0:02:16]} 10. Bxa6 {[%emt 0:01:08]} Rxa6 {[%emt 0:00:07]} 11. h5 {[%emt 0:00:16]} h6 {[%emt 0:00:35]} 12. Rh3 {[%emt 0:01:50]} Ra8 {[%emt 0:02:19]} 13. Rg3 {[%emt 0:02:46]} Bf8 {[%emt 0:02:26]} 14. Qd3 {[%emt 0:05:30]} Qc8 {[%emt 0:10:29]} 15. Qe3 {[%emt 0:12:33]} Qa6 {[%emt 0:04:12]} 16. Nh4 {[%emt 0:07:30]} b5 {[%emt 0:11:21]} 17. axb5 {[%emt 0:01:44]} Qxb5 {[%emt 0:00:07]} 18. Nd2 {[%emt 0:00:17]} Nb6 {[%emt 0:03:54]} 19. f4 {[%emt 0:03:15]} Ne7 {[%emt 0:14:44]} 20. Qf2 {[%emt 0:07:23]} Nf5 {[%emt 0:05:07]} 21. Nxf5 {[%emt 0:00:47]} exf5 {[%emt 0:00:08]} 22. Nf3 {[%emt 0:02:05]} Qd7 {[%emt 0:20:18]} 23. Qc2 {[%emt 0:03:01]} Nc8 {[%emt 0:04:22]} 24. Nh4 {[%emt 0:03:15]} Ne7 {[%emt 0:00:20]} 25. b3 {[%emt 0:11:53]} Qe6 {[%emt 0:04:34]} 26. b4 {[%emt 0:10:48]} g5 {[%emt 0:01:56]} 27. hxg6 {[%emt 0:03:18]} fxg6 {[%emt 0:01:47]} 28. Rxa5 {[%emt 0:00:46]} Rxa5 {[%emt 0:01:52]} 29. bxa5 {[%emt 0:00:01]} Kf7 {[%emt 0:02:36]} 30. Ba3 {[%emt 0:02:22]} Rg8 {[%emt 0:00:25]} 31. Qd3 {[%emt 0:04:34]} Nc6 {[%emt 0:01:51]} 32. Bxf8 {[%emt 0:00:13]} Kxf8 {[%emt 0:00:08]} 33. a6 {[%emt 0:03:30]} Kf7 {[%emt 0:00:08]} 34. Qb5 {[%emt 0:01:23]} Ne7 {[%emt 0:02:26]} 35. a7 {[%emt 0:02:14]} Qb6 {[%emt 0:03:23]} 36. Qa4 {[%emt 0:07:20]} Ra8 {[%emt 0:00:27]} 37. Re3 {[%emt 0:00:33]} Rxa7 {[%emt 0:00:10]} 38. e6+ {[%emt 0:00:34]} Kf8 {[%emt 0:00:35]} 39. Qd7 {[%emt 0:00:26]} c5 {[%emt 0:00:54]} 40. Nxg6+ {[%emt 0:00:35]} Nxg6 {[%emt 0:00:41]} 41. Qxd5 {[%emt 0:01:47]} Qb1+ {[%emt 0:05:42]} 42. Kf2 {[%emt 0:00:06]} Qa2+ {[%emt 0:01:03]} 43. Qxa2 {[%emt 0:00:01]} Rxa2+ {[%emt 0:00:09]} 44. Kf3 {[%emt 0:00:30]} cxd4 {[%emt 0:02:14]} 45. cxd4 {[%emt 0:00:04]} Rd2 {[%emt 0:00:53]} 46. g4 {[%emt 0:01:38]} Rxd4 {[%emt 0:00:31]} 47. Kg3 {[%emt 0:03:46]} Rxf4 {[%emt 0:08:06]} 48. e7+ {[%emt 0:01:14]} Ke8 {[%emt 0:00:10]} 49. gxf5 {[%emt 0:02:13]} Rxf5 {[%emt 0:00:07]} 50. Re6 {[%emt 0:00:21]} Rg5+ {[%emt 0:00:32]} 51. Kh2 {[%emt 0:00:07]} h5 {[%emt 0:00:53]} 52. Kh3 {[%emt 0:00:22]} Nf4+ {[%emt 0:00:37]} 0-1

[Event "Summer Prague Open A 2020"]
[Site "Prague"]
[Date "2020.08.12"]
[Round "6.9"]
[White "Wedda, Dries"]
[Black "Pozdnjakov, Viatcheslav"]
[Result "1/2-1/2"]
[WhiteElo "2172"]
[BlackElo "2300"]
[Annotator "ChessBase"]
[PlyCount "166"]
[EventDate "2020.08.08"]
[EventCountry "CZE"]
[SourceTitle "playchess.com"]
[Source "ChessBase"]
[SourceQuality "1"]
[TimeControl "40/5400+30:1800+30"]

1. d4 Nf6 2. c4 c5 3. d5 b5 4. cxb5 a6 5. bxa6 g6 6. Nc3 Qa5 7. Bd2 Bxa6 8. Ne4 Qb6 9. Nxf6+ exf6 10. Bc3 Bg7 11. e3 Bxf1 12. Kxf1 Na6 13. g3 Nc7 14. b3 O-O 15. Kg2 Rfe8 16. Qf3 Nb5 17. Bb2 Na3 18. Rc1 Nb5 19. a4 Nc7 20. Nh3 d6 21. Bxf6 Qxb3 22. Rhd1 Qxa4 23. Ng5 h6 24. Bxg7 hxg5 25. Bc3 Qe4 26. Rb1 g4 27. Qxe4 Rxe4 28. Rb7 Ne8 29. h3 Rc4 30. Bb2 gxh3+ 31. Kxh3 Ra2 32. Rd3 Rc2 33. Rdb3 Rxf2 34. Bc3 Nf6 35. Rb2 Raxb2 36. Bxb2 Kg7 37. Ba1 g5 38. g4 Kg6 39. Rb6 Ne4 40. Be5 Rf3+ 41. Kg2 Rxe3 42. Bxd6 Nxd6 43. Rxd6+ Kg7 44. Rc6 Re4 45. Kf3 Rf4+ 46. Kg3 c4 47. d6 Kf6 48. d7+ Ke7 49. Rd6 Kd8 50. Rd5 f6 51. Rd6 Rf1 52. Kg2 Re1 53. Rxf6 Kxd7 54. Kf2 Re5 55. Ra6 c3 56. Ra1 c2 57. Rc1 Rc5 58. Ke3 Ke6 59. Kd4 Kd6 60. Ke4 Rc4+ 61. Kf5 Rc5+ 62. Ke4 Ke6 63. Kd4 Rd5+ 64. Ke3 Rc5 65. Kd4 Rc8 66. Re1+ Kd6 67. Rc1 Rc7 68. Ke4 Rc5 69. Kd4 Kc6 70. Ke4 Kd7 71. Kd4 Rc8 72. Kd5 Ke7 73. Re1+ Kf6 74. Rf1+ Kg6 75. Rc1 Rc3 76. Kd4 Rg3 77. Rxc2 Rxg4+ 78. Ke3 Rf4 79. Rf2 Ra4 80. Kf3 Kh5 81. Kg2 Kg4 82. Rb2 Kh4 83. Rc2 Rb4 1/2-1/2

[Event "Summer Prague Open A 2020"]
[Site "Prague"]
[Date "2020.08.12"]
[Round "6.10"]
[White "Babula, Milan"]
[Black "Mladek, Richard"]
[Result "0-1"]
[WhiteElo "2160"]
[BlackElo "2280"]
[Annotator "ChessBase"]
[PlyCount "86"]
[EventDate "2020.08.08"]
[EventCountry "CZE"]
[SourceTitle "playchess.com"]
[Source "ChessBase"]
[SourceQuality "1"]
[TimeControl "40/5400+30:1800+30"]

1. e4 e5 2. Nf3 Nc6 3. Bb5 a6 4. Ba4 Nf6 5. O-O Be7 6. d3 b5 7. Bb3 O-O 8. Re1 d6 9. c3 Na5 10. Bc2 c5 11. Nbd2 Qc7 12. Nf1 Re8 13. Ne3 Bf8 14. h3 Bb7 15. b4 Nc6 16. bxc5 dxc5 17. Nh2 Rad8 18. Bd2 Ne7 19. Nhg4 Nxg4 20. hxg4 Nc8 21. Qe2 Nd6 22. f3 Rd7 23. c4 Be7 24. Nd5 Bxd5 25. cxd5 c4 26. Rec1 c3 27. Bb3 b4 28. Be3 Nb5 29. Ba4 Qa5 30. Qd1 Rc8 31. Bxb5 Qxb5 32. Rc2 a5 33. d4 exd4 34. Bxd4 a4 35. Rb1 Rdc7 36. Qf1 Qb7 37. Qd3 Rc4 38. Kf1 Rxd4 39. Qxd4 Qb5+ 40. Re2 c2 41. Rc1 b3 42. axb3 axb3 43. Qb2 Bg5 0-1

[Event "Summer Prague Open A 2020"]
[Site "Prague"]
[Date "2020.08.12"]
[Round "6.11"]
[White "Schernthaner, David"]
[Black "Schnider, Gert"]
[Result "1/2-1/2"]
[WhiteElo "2220"]
[BlackElo "2423"]
[Annotator "ChessBase"]
[PlyCount "42"]
[EventDate "2020.08.08"]
[EventCountry "CZE"]
[SourceTitle "playchess.com"]
[Source "ChessBase"]
[SourceQuality "1"]
[TimeControl "40/5400+30:1800+30"]

1. e4 e5 2. Nf3 Nc6 3. Bb5 a6 4. Ba4 Nf6 5. O-O Bc5 6. c3 O-O 7. d4 Ba7 8. dxe5 Nxe4 9. Bc2 d5 10. exd6 Nxd6 11. Bg5 f6 12. Bf4 g5 13. Bxd6 cxd6 14. Nd4 Nxd4 15. cxd4 Qb6 16. Nc3 Be6 17. Qd3 Qc7 18. d5 Bg4 19. Qg3 Bh5 20. Rac1 Rae8 21. Bf5 Re5 1/2-1/2

[Event "Summer Prague Open A 2020"]
[Site "Prague"]
[Date "2020.08.12"]
[Round "6.12"]
[White "Simek, Petr"]
[Black "Mueer, Sebastian"]
[Result "1-0"]
[WhiteElo "2344"]
[BlackElo "2210"]
[Annotator "ChessBase"]
[PlyCount "97"]
[EventDate "2020.08.08"]
[EventCountry "CZE"]
[SourceTitle "playchess.com"]
[Source "ChessBase"]
[SourceQuality "1"]
[TimeControl "40/5400+30:1800+30"]

1. c4 {[%emt 0:02:26]} Nf6 {[%emt 0:00:35]} 2. Nc3 {[%emt 0:00:38]} g6 {[%emt 0:00:10]} 3. Nf3 {[%emt 0:00:49]} Bg7 {[%emt 0:00:10]} 4. d4 {[%emt 0:00:37]} O-O {[%emt 0:00:24]} 5. g3 {[%emt 0:00:13]} d6 {[%emt 0:00:12]} 6. Bg2 {[%emt 0:00:06]} c6 {[%emt 0:00:08]} 7. O-O {[%emt 0:00:07]} Qa5 {[%emt 0:00:20]} 8. e4 {[%emt 0:00:16]} e5 {[%emt 0:00:07]} 9. h3 {[%emt 0:01:15]} Nbd7 {[%emt 0:00:10]} 10. Re1 {[%emt 0:00:19]} exd4 {[%emt 0:00:07]} 11. Nxd4 {[%emt 0:00:03]} Ne5 {[%emt 0:00:13]} 12. Bf1 {[%emt 0:00:19]} Be6 {[%emt 0:00:07]} 13. Nxe6 {[%emt 0:24:48]} fxe6 {[%emt 0:00:03]} 14. Kg2 {[%emt 0:00:07]} Rad8 {[%emt 0:01:22]} 15. f4 {[%emt 0:26:20]} Nf7 {[%emt 0:00:03]} 16. Bd2 {[%emt 0:00:06]} Qc7 {[%emt 0:06:07]} 17. Bd3 {[%emt 0:01:32]} e5 {[%emt 0:01:10]} 18. Qc2 {[%emt 0:13:35]} exf4 {[%emt 0:02:54]} 19. gxf4 {[%emt 0:00:06]} Nh5 {[%emt 0:03:12]} 20. Rf1 {[%emt 0:00:06]} g5 {[%emt 0:09:10]} 21. fxg5 {[%emt 0:01:17]} d5 {[%emt 0:03:48]} 22. Ne2 {[%emt 0:02:44]} d4 {[%emt 0:05:59]} 23. c5 {[%emt 0:05:58]} Kh8 {[%emt 0:00:32]} 24. Rf5 {[%emt 0:00:25]} Ne5 {[%emt 0:01:59]} 25. Raf1 {[%emt 0:00:05]} Ng6 {[%emt 0:00:19]} 26. Be1 {[%emt 0:07:14]} Be5 {[%emt 0:09:10]} 27. Qc4 {[%emt 0:01:45]} Qe7 {[%emt 0:04:11]} 28. Kh1 {[%emt 0:03:08]} Ng7 {[%emt 0:00:52]} 29. h4 {[%emt 0:04:46]} Nxf5 {[%emt 0:00:01]} 30. exf5 {[%emt 0:00:07]} Nf4 {[%emt 0:00:14]} 31. Nxf4 {[%emt 0:01:19]} Bxf4 {[%emt 0:00:07]} 32. Bf2 {[%emt 0:00:05]} Qe5 {[%emt 0:03:50]} 33. Kg2 {[%emt 0:00:52]} Rfe8 {[%emt 0:10:46]} 34. Re1 {[%emt 0:00:26]} Be3 {[%emt 0:00:43]} 35. Bg3 {[%emt 0:00:07]} Qd5+ {[%emt 0:02:01]} 36. Qxd5 {[%emt 0:00:05]} Rxd5 {[%emt 0:00:05]} 37. Bd6 {[%emt 0:00:29]} b5 {[%emt 0:12:30]} 38. Kf3 {[%emt 0:00:37]} Rd8 {[%emt 0:05:47]} 39. b3 {[%emt 0:01:59]} h6 {[%emt 0:01:21]} 40. Kg4 {[%emt 0:01:08]} Kg8 {[%emt 0:08:36]} 41. Be4 {[%emt 0:08:39]} R8xd6 {[%emt 0:03:04]} 42. cxd6 {[%emt 0:00:07]} Rxd6 {[%emt 0:00:07]} 43. f6 {[%emt 0:00:27]} Kf8 {[%emt 0:06:06]} 44. Rf1 {[%emt 0:08:30]} hxg5 {[%emt 0:02:00]} 45. hxg5 {[%emt 0:00:06]} d3 {[%emt 0:00:30]} 46. g6 {[%emt 0:01:15]} Rd4 {[%emt 0:07:10]} 47. Kf5 {[%emt 0:02:06]} d2 {[%emt 0:03:39]} 48. Rh1 {[%emt 0:00:43]} Ke8 {[%emt 0:01:39]} 49. g7 {[%emt 0:00:29]} 1-0

[Event "Summer Prague Open A 2020"]
[Site "Prague"]
[Date "2020.08.12"]
[Round "6.13"]
[White "Malassagne, Raphael"]
[Black "Mukashev, Assan"]
[Result "1-0"]
[WhiteElo "2305"]
[BlackElo "2207"]
[Annotator "ChessBase"]
[PlyCount "63"]
[EventDate "2020.08.08"]
[EventCountry "CZE"]
[SourceTitle "playchess.com"]
[Source "ChessBase"]
[SourceQuality "1"]
[TimeControl "40/5400+30:1800+30"]

1. d4 Nf6 2. Bf4 d5 3. e3 e6 4. Nd2 c5 5. c3 Nc6 6. Ngf3 Bd6 7. Bg3 O-O 8. Bd3 b6 9. e4 dxe4 10. Nxe4 Nxe4 11. Bxe4 Bb7 12. Qa4 Na5 13. dxc5 Bxc5 14. Rd1 Qe8 15. Bxh7+ Kxh7 16. Qh4+ Kg8 17. Ng5 Be4 18. Qxe4 f5 19. Qd3 Qh5 20. Nf3 g5 21. Bc7 Rf7 22. Bd8 Nb7 23. Bxg5 e5 24. Qd5 Re8 25. h4 Bd6 26. Qc6 Rc7 27. Qd5+ Kh7 28. O-O e4 29. Qxf5+ Kg8 30. g4 Qh8 31. Qg6+ Kf8 32. Rxd6 1-0

[Event "Summer Prague Open A 2020"]
[Site "Prague"]
[Date "2020.08.12"]
[Round "6.14"]
[White "Kratochvil, Vit"]
[Black "Froeyman, Helmut"]
[Result "1/2-1/2"]
[WhiteElo "2205"]
[BlackElo "2281"]
[Annotator "ChessBase"]
[PlyCount "46"]
[EventDate "2020.08.08"]
[EventCountry "CZE"]
[SourceTitle "playchess.com"]
[Source "ChessBase"]
[SourceQuality "1"]
[TimeControl "40/5400+30:1800+30"]

1. c4 {[%emt 0:00:00]} f5 {[%emt 0:00:00]} 2. Nf3 {[%emt 0:00:34]} Nf6 {[%emt 0:00:00]} 3. g3 {[%emt 0:00:16]} g6 {[%emt 0:00:31]} 4. b3 {[%emt 0:01:43]} Bg7 {[%emt 0:01:15]} 5. Bb2 {[%emt 0:00:29]} O-O {[%emt 0:05:14]} 6. Bg2 {[%emt 0:01:01]} d6 {[%emt 0:00:26]} 7. d4 {[%emt 0:01:53]} c6 {[%emt 0:14:33]} 8. O-O {[%emt 0:02:21]} e5 {[%emt 0:14:14]} 9. dxe5 {[%emt 0:15:45]} Ng4 {[%emt 0:00:06]} 10. Qc2 {[%emt 0:04:57]} Nxe5 {[%emt 0:02:45]} 11. Rd1 {[%emt 0:03:37]} Qe7 {[%emt 0:02:10]} 12. Nc3 {[%emt 0:09:02]} Na6 {[%emt 0:03:13]} 13. Ba3 {[%emt 0:07:36]} Rd8 {[%emt 0:04:45]} 14. e3 {[%emt 0:08:49]} Be6 {[%emt 0:03:08]} 15. Rd2 {[%emt 0:05:31]} Rd7 {[%emt 0:01:48]} 16. Rad1 {[%emt 0:02:13]} Rad8 {[%emt 0:00:20]} 17. Nd4 {[%emt 0:05:56]} Nc5 {[%emt 0:05:49]} 18. h3 {[%emt 0:09:27]} a5 {[%emt 0:22:21]} 19. Nxe6 {[%emt 0:01:19]} Nxe6 {[%emt 0:03:31]} 20. f4 {[%emt 0:07:55]} Nf7 {[%emt 0:00:20]} 21. e4 {[%emt 0:00:30]} fxe4 {[%emt 0:03:10]} 22. Nxe4 {[%emt 0:01:22]} c5 {[%emt 0:01:37]} 23. Bb2 {[%emt 0:06:14]} Nd4 {[%emt 0:00:39]} 1/2-1/2

[Event "Summer Prague Open A 2020"]
[Site "Prague"]
[Date "2020.08.12"]
[Round "6.15"]
[White "Dietz, Florian"]
[Black "Vorisek, Jakub"]
[Result "1-0"]
[WhiteElo "2262"]
[BlackElo "2205"]
[Annotator "ChessBase"]
[PlyCount "109"]
[EventDate "2020.08.08"]
[EventCountry "CZE"]
[SourceTitle "playchess.com"]
[Source "ChessBase"]
[SourceQuality "1"]
[TimeControl "40/5400+30:1800+30"]

1. e4 {[%emt 0:00:00]} c5 {[%emt 0:00:40]} 2. Nf3 {[%emt 0:00:00]} Nc6 {[%emt 0:00:13]} 3. d4 {[%emt 0:00:11]} cxd4 {[%emt 0:00:14]} 4. Nxd4 {[%emt 0:00:08]} g6 {[%emt 0:00:33]} 5. Nc3 {[%emt 0:00:52]} Bg7 {[%emt 0:02:29]} 6. Be3 {[%emt 0:00:07]} Nf6 {[%emt 0:00:14]} 7. Bc4 {[%emt 0:00:31]} Qa5 {[%emt 0:00:18]} 8. O-O {[%emt 0:03:22]} O-O {[%emt 0:00:24]} 9. Bb3 {[%emt 0:02:52]} d6 {[%emt 0:00:34]} 10. h3 {[%emt 0:00:40]} Bd7 {[%emt 0:01:37]} 11. Re1 {[%emt 0:01:49]} Rac8 {[%emt 0:02:44]} 12. Nd5 {[%emt 0:14:44]} Rfe8 {[%emt 0:05:16]} 13. Nxc6 {[%emt 0:05:53]} bxc6 {[%emt 0:14:06]} 14. Nxf6+ {[%emt 0:02:19]} Bxf6 {[%emt 0:00:15]} 15. c3 {[%emt 0:01:29]} c5 {[%emt 0:05:06]} 16. Qe2 {[%emt 0:08:24]} Bb5 {[%emt 0:05:55]} 17. Qg4 {[%emt 0:00:31]} c4 {[%emt 0:04:06]} 18. a4 {[%emt 0:04:54]} cxb3 {[%emt 0:01:41]} 19. axb5 {[%emt 0:00:09]} Qxb5 {[%emt 0:00:08]} 20. Rxa7 {[%emt 0:00:20]} Ra8 {[%emt 0:00:26]} 21. Qd7 {[%emt 0:04:25]} Qxd7 {[%emt 0:13:53]} 22. Rxd7 {[%emt 0:00:05]} Ra2 {[%emt 0:00:13]} 23. Rb1 {[%emt 0:00:28]} Rb8 {[%emt 0:01:27]} 24. Rc7 {[%emt 0:02:36]} Ra4 {[%emt 0:11:24]} 25. f3 {[%emt 0:00:49]} Kf8 {[%emt 0:00:37]} 26. Kf1 {[%emt 0:02:33]} Ke8 {[%emt 0:00:16]} 27. Ke2 {[%emt 0:00:12]} Kd8 {[%emt 0:00:47]} 28. Ra7 {[%emt 0:00:05]} Rxa7 {[%emt 0:04:33]} 29. Bxa7 {[%emt 0:00:12]} Rb7 {[%emt 0:00:04]} 30. Be3 {[%emt 0:00:55]} Kd7 {[%emt 0:01:27]} 31. Kd3 {[%emt 0:00:45]} Kc6 {[%emt 0:00:10]} 32. Ra1 {[%emt 0:04:38]} Kb5 {[%emt 0:09:21]} 33. Ra3 {[%emt 0:00:46]} Kc6 {[%emt 0:00:07]} 34. Kc4 {[%emt 0:00:36]} e6 {[%emt 0:00:15]} 35. Ra6+ {[%emt 0:00:36]} Kc7 {[%emt 0:00:06]} 36. Ra4 {[%emt 0:08:31]} Kc6 {[%emt 0:00:41]} 37. Rb4 {[%emt 0:00:35]} d5+ {[%emt 0:05:46]} 38. Kxb3 {[%emt 0:00:41]} Rxb4+ {[%emt 0:00:56]} 39. Kxb4 {[%emt 0:00:10]} Be7+ {[%emt 0:00:07]} 40. Ka5 {[%emt 0:01:17]} dxe4 {[%emt 0:00:08]} 41. fxe4 {[%emt 0:30:08]} f5 {[%emt 0:30:11]} 42. e5 {[%emt 0:03:22]} Kb7 {[%emt 0:01:02]} 43. Kb5 {[%emt 0:03:02]} g5 {[%emt 0:00:07]} 44. c4 {[%emt 0:01:12]} h5 {[%emt 0:00:21]} 45. c5 {[%emt 0:00:42]} f4 {[%emt 0:00:06]} 46. c6+ {[%emt 0:00:39]} Kc8 {[%emt 0:00:05]} 47. Bf2 {[%emt 0:00:50]} Bf8 {[%emt 0:00:12]} 48. b4 {[%emt 0:01:49]} Bg7 {[%emt 0:00:58]} 49. Bd4 {[%emt 0:01:34]} g4 {[%emt 0:00:04]} 50. Kc4 {[%emt 0:00:32]} f3 {[%emt 0:00:20]} 51. hxg4 {[%emt 0:01:40]} fxg2 {[%emt 0:01:08]} 52. gxh5 {[%emt 0:00:17]} Bxe5 {[%emt 0:00:05]} 53. Bg1 {[%emt 0:00:15]} Kc7 {[%emt 0:00:57]} 54. b5 {[%emt 0:00:10]} Bg7 {[%emt 0:00:14]} 55. Kd3 1-0

[Event "Summer Prague Open A 2020"]
[Site "Prague"]
[Date "2020.08.12"]
[Round "6.16"]
[White "Marakovits, Nico"]
[Black "Sprenar, Petr"]
[Result "1/2-1/2"]
[WhiteElo "2105"]
[BlackElo "2257"]
[Annotator "ChessBase"]
[PlyCount "62"]
[EventDate "2020.08.08"]
[EventCountry "CZE"]
[SourceTitle "playchess.com"]
[Source "ChessBase"]
[SourceQuality "1"]
[TimeControl "40/5400+30:1800+30"]

1. d4 {[%emt 0:00:00]} e6 {[%emt 0:00:00]} 2. c4 {[%emt 0:00:00]} Nf6 {[%emt 0:00:00]} 3. Nc3 {[%emt 0:00:00]} d5 {[%emt 0:00:00]} 4. cxd5 {[%emt 0:00:19]} exd5 {[%emt 0:00:00]} 5. Bg5 {[%emt 0:00:23]} c6 {[%emt 0:00:00]} 6. e3 {[%emt 0:00:09]} Nbd7 {[%emt 0:00:40]} 7. Qc2 {[%emt 0:00:55]} Be7 {[%emt 0:00:31]} 8. Bd3 {[%emt 0:00:58]} h6 {[%emt 0:00:05]} 9. Bh4 {[%emt 0:00:04]} Nh5 {[%emt 0:00:12]} 10. Bxe7 {[%emt 0:00:13]} Qxe7 {[%emt 0:00:07]} 11. O-O-O {[%emt 0:00:58]} Nb6 {[%emt 0:00:39]} 12. Nf3 {[%emt 0:03:19]} Bg4 {[%emt 0:00:25]} 13. Kb1 {[%emt 0:02:08]} Bxf3 {[%emt 0:04:27]} 14. gxf3 {[%emt 0:00:23]} O-O-O {[%emt 0:00:05]} 15. Na4 {[%emt 0:05:52]} Nxa4 {[%emt 0:04:01]} 16. Qxa4 {[%emt 0:00:14]} Kb8 {[%emt 0:02:05]} 17. Rdg1 {[%emt 0:06:14]} Qh4 {[%emt 0:07:44]} 18. Qc2 {[%emt 0:05:34]} g6 {[%emt 0:01:31]} 19. Rg4 {[%emt 0:05:23]} Qf6 {[%emt 0:02:59]} 20. f4 {[%emt 0:02:26]} Ng7 {[%emt 0:03:43]} 21. f5 {[%emt 0:06:37]} h5 {[%emt 0:04:45]} 22. Rg3 {[%emt 0:01:35]} h4 {[%emt 0:04:15]} 23. Rg4 {[%emt 0:01:36]} gxf5 {[%emt 0:00:33]} 24. Rf4 {[%emt 0:01:10]} Rh5 {[%emt 0:03:52]} 25. Rg1 {[%emt 0:07:00]} Rg5 {[%emt 0:00:32]} 26. Rxg5 {[%emt 0:01:11]} Qxg5 {[%emt 0:00:05]} 27. h3 {[%emt 0:00:57]} Qg1+ {[%emt 0:07:13]} 28. Qc1 {[%emt 0:00:16]} Qg5 {[%emt 0:00:38]} 29. Qc2 {[%emt 0:00:24]} Qg1+ {[%emt 0:04:32]} 30. Qc1 {[%emt 0:00:15]} Qg5 {[%emt 0:00:02]} 31. Qc2 {[%emt 0:00:04]} Qg1+ {[%emt 0:00:06]} 1/2-1/2

[Event "Summer Prague Open A 2020"]
[Site "Prague"]
[Date "2020.08.12"]
[Round "6.17"]
[White "Skalsky, Alexandr"]
[Black "Ludvik, Tomas"]
[Result "0-1"]
[WhiteElo "2156"]
[BlackElo "2202"]
[Annotator "ChessBase"]
[PlyCount "131"]
[EventDate "2020.08.08"]
[EventCountry "CZE"]
[SourceTitle "playchess.com"]
[Source "ChessBase"]
[SourceQuality "1"]
[TimeControl "40/5400+30:1800+30"]

1. e4 {[%emt 0:00:00]} e6 {[%emt 0:00:00]} 2. d4 {[%emt 0:00:00]} d5 {[%emt 0:00:00]} 3. Nc3 {[%emt 0:00:00]} Bb4 {[%emt 0:00:00]} 4. e5 {[%emt 0:00:00]} c5 {[%emt 0:00:00]} 5. Bd2 {[%emt 0:00:00]} Ne7 {[%emt 0:00:05]} 6. a3 {[%emt 0:00:00]} Bxc3 {[%emt 0:01:33]} 7. Bxc3 {[%emt 0:00:00]} b6 {[%emt 0:02:48]} 8. Bb5+ {[%emt 0:00:05]} Kf8 {[%emt 0:07:58]} 9. Bd3 {[%emt 0:09:31]} Ba6 {[%emt 0:01:38]} 10. f4 {[%emt 0:03:36]} Bxd3 {[%emt 0:01:18]} 11. Qxd3 {[%emt 0:00:43]} Nbc6 {[%emt 0:01:31]} 12. Nf3 {[%emt 0:01:18]} Nf5 {[%emt 0:04:59]} 13. O-O {[%emt 0:07:05]} h5 {[%emt 0:06:16]} 14. b4 {[%emt 0:26:21]} cxd4 {[%emt 0:02:14]} 15. Bxd4 {[%emt 0:00:29]} Rc8 {[%emt 0:02:14]} 16. c3 {[%emt 0:05:13]} g6 {[%emt 0:02:17]} 17. Rac1 {[%emt 0:03:36]} Kg7 {[%emt 0:01:10]} 18. Rc2 {[%emt 0:04:29]} Qd7 {[%emt 0:05:01]} 19. Rfc1 {[%emt 0:06:45]} Nce7 {[%emt 0:06:46]} 20. Qd1 {[%emt 0:04:52]} Rc4 {[%emt 0:03:42]} 21. g3 {[%emt 0:02:25]} Rhc8 {[%emt 0:01:25]} 22. Rd2 {[%emt 0:09:35]} Nxd4 {[%emt 0:02:07]} 23. Nxd4 {[%emt 0:00:49]} Rxc3 {[%emt 0:00:12]} 24. Ra1 {[%emt 0:04:26]} a6 {[%emt 0:06:07]} 25. g4 {[%emt 0:02:49]} hxg4 {[%emt 0:00:22]} 26. Qxg4 {[%emt 0:00:48]} Nc6 {[%emt 0:04:33]} 27. Ne2 {[%emt 0:02:45]} Rc4 {[%emt 0:00:23]} 28. Ng3 {[%emt 0:01:22]} Nxe5 {[%emt 0:04:30]} 29. Qe2 {[%emt 0:01:00]} f6 {[%emt 0:14:49]} 30. fxe5 {[%emt 0:00:05]} f5 {[%emt 0:00:05]} 31. Rad1 {[%emt 0:02:21]} Qc7 {[%emt 0:02:00]} 32. Rd3 {[%emt 0:01:47]} f4 {[%emt 0:01:03]} 33. Nf1 {[%emt 0:00:23]} Re4 {[%emt 0:00:35]} 34. Qxe4 {[%emt 0:00:46]} dxe4 {[%emt 0:00:17]} 35. Rd7+ {[%emt 0:00:01]} Kh6 {[%emt 0:00:15]} 36. Rxc7 {[%emt 0:00:03]} Rxc7 {[%emt 0:00:03]} 37. Re1 {[%emt 0:02:28]} e3 {[%emt 0:00:49]} 38. Nxe3 {[%emt 0:00:29]} fxe3 39. Rxe3 Kg5 {[%emt 0:01:28]} 40. Kg2 {[%emt 0:01:03]} Kf4 {[%emt 0:01:24]} 41. Rg3 {[%emt 0:13:12]} g5 {[%emt 0:01:21]} 42. Rd3 {[%emt 0:07:02]} Rc2+ {[%emt 0:01:13]} 43. Kg1 {[%emt 0:00:19]} Kxe5 {[%emt 0:00:12]} 44. Re3+ {[%emt 0:01:05]} Kf5 {[%emt 0:00:39]} 45. Rd3 {[%emt 0:02:43]} Ra2 {[%emt 0:01:58]} 46. Rd6 {[%emt 0:01:13]} Rxa3 {[%emt 0:00:20]} 47. Rxb6 {[%emt 0:00:01]} e5 {[%emt 0:00:54]} 48. b5 {[%emt 0:00:26]} axb5 {[%emt 0:00:06]} 49. Rxb5 {[%emt 0:00:03]} Kf4 {[%emt 0:00:28]} 50. Rb8 {[%emt 0:02:13]} Ra1+ {[%emt 0:02:14]} 51. Kf2 {[%emt 0:00:49]} Ra2+ {[%emt 0:00:06]} 52. Kg1 {[%emt 0:00:01]} e4 {[%emt 0:00:14]} 53. Rf8+ {[%emt 0:01:04]} Ke3 {[%emt 0:00:55]} 54. Rg8 {[%emt 0:02:05]} Kf3 {[%emt 0:11:03]} 55. Rf8+ {[%emt 0:00:12]} Kg4 {[%emt 0:01:15]} 56. Re8 {[%emt 0:00:21]} Re2 {[%emt 0:00:57]} 57. Rh8 {[%emt 0:03:28]} Rd2 {[%emt 0:02:18]} 58. Re8 {[%emt 0:01:17]} Kf3 {[%emt 0:00:21]} 59. Rf8+ {[%emt 0:00:01]} Ke2 {[%emt 0:01:43]} 60. Rf2+ {[%emt 0:02:18]} Kd3 {[%emt 0:00:13]} 61. Rf5 {[%emt 0:00:32]} e3 {[%emt 0:00:31]} 62. Rd5+ {[%emt 0:00:32]} Ke4 {[%emt 0:00:37]} 63. Rxg5 {[%emt 0:00:01]} Rd1+ {[%emt 0:00:07]} 64. Kg2 {[%emt 0:00:01]} e2 {[%emt 0:00:07]} 65. Rg8 {[%emt 0:00:39]} e1=Q {[%emt 0:00:14]} 66. Re8+ {[%emt 0:00:01]} 0-1

[Event "Summer Prague Open A 2020"]
[Site "Prague"]
[Date "2020.08.12"]
[Round "6.18"]
[White "Syrkiewicz, Michal"]
[Black "Defromont, Benjamin"]
[Result "0-1"]
[WhiteElo "1911"]
[BlackElo "2236"]
[Annotator "ChessBase"]
[PlyCount "68"]
[EventDate "2020.08.08"]
[EventCountry "CZE"]
[SourceTitle "playchess.com"]
[Source "ChessBase"]
[SourceQuality "1"]
[TimeControl "40/5400+30:1800+30"]

1. e4 c5 2. Nf3 d6 3. d4 cxd4 4. Nxd4 Nf6 5. Nc3 g6 6. Be3 Bg7 7. f3 O-O 8. Qd2 Nc6 9. g4 Be6 10. Nxe6 fxe6 11. O-O-O Ne5 12. Be2 Rc8 13. h4 Nfd7 14. f4 Nc4 15. Bxc4 Rxc4 16. e5 Qa5 17. exd6 Bxc3 18. bxc3 Qxa2 19. Qd3 exd6 20. Kd2 Nc5 21. Bxc5 Rxc5 22. Ra1 Qd5 23. Qxd5 Rxd5+ 24. Ke3 Rc8 25. Rxa7 Rxc3+ 26. Ke4 Rb5 27. Rd1 Rb6 28. f5 Kf7 29. fxg6+ Kxg6 30. Ra2 Rb4+ 31. Rd4 d5+ 32. Ke5 Re3+ 33. Kf4 Rxd4+ 34. Kxe3 Rxg4 0-1